00437nam a2200157Ia 4500008004100000040001900041041001200060082002500072100002200097245006200119260003200181300001900213650001200232651001700244850001800261131103s9999 xx 000 0 und d aLoreto College aEnglish a842/MOLbLCLIB/11931 aFernandez; Ramon  aMoliereb The man seenthrough the Plays cRamon Fernandez aNew yorkbA dramabookc1960 a212p. c 18cm. aMoliere aFrench drama aLCLIB/842/MOL